000 01231cam a22003377a 4500
003 CHAP
005 20220329142551.0
008 010920d2001 mx r 00110 spa d
010 _a85047
011 _a86019
035 _a96557
040 _cCHAP
090 _aTesis
100 0 0 _aRangel González, Jorge Ignacio.
_994598
245 1 0 _aDiagnóstico de la producción de limón persa en el estado de Quintana Roo
_c/por Jorge Ignacio Rangel González
260 _aChapingo, Méx. :
_bEl autor,
_c2001.
300 _a70 h. :
_bilus. ; gráfs.
502 _aTesis (Lic. en Economía Agrícola) -- UACH. División de Ciencias Económico Administrativas
590 _aALEPH
_b10
_c20130110
_lUCH01
_h1444
590 _aBATCH-UPD
_b10
_c20130110
_lUCH01
_h0349
590 _aBATCH-UPD
_b10
_c20130410
_lUCH01
_h0022
590 _aBATCH-UPD
_b10
_c20130914
_lUCH01
_h1725
590 _aCONVERSION
_b10
_c20130109
_lUCH01
_h1347
650 1 4 _aLimón persa
_xProducción.
_966872
650 1 4 _aLimón persa
_zQuintana Roo.
_966877
901 _aBK
905 _aAlejandra Carrasco M.
942 _cFOLL
949 _aTesis
_bBC
_cLIBRO
_d33724000859617
_eTS2
_fc.2
_h38704
_i96557
_si
949 _aTesis
_bBC
_cLIBRO
_d965571
_eTS1
_h38703
_i96557
_sb
999 _c85047
_d85047